000 00355nam a2200109Ia 4500
008 171211s9999 xx 000 0 und d
245 _aHealing Appalachia: Sustainable Living through Appropriate Technology
245 _cAl Fritsch and Paul Gallimore
260 _c2007
650 _xArchitecture
856 _uhttp://down.ebook777.com/060/9780813191775.pdf
999 _c350035
_d350035